The Certified Six Sigma Green Belt Handbook /
Manual de preparación para expertos técnicos que, como parte de sus responsabilidades laborales, tienen que aplicar los principios de Six Sigma. Dentro de la estructura humana del Six Sigma se denominan Cintas Verdes y están bajo la supervisión de Cintas Negras, quienes asesoran, lideran proyectos y...
Guardado en:
| Otros autores: | |
|---|---|
| Formato: | Libro |
| Idioma: | Inglés |
| Publicado: |
Milwaukee, EUA :
American Society for Quality,
2008, c2008
|
| Temas: | |
| Etiquetas: |
Sin etiquetas, Sé el primero en etiquetar este registro!
|
MARC
| LEADER | 00000nam^a2200000^a^4500 | ||
|---|---|---|---|
| 001 | 000343058 | ||
| 005 | 20250521000000.0 | ||
| 009 | 20260310114611.228 | ||
| 020 | |a 978-0-87389-698-6 | ||
| 037 | |a Acervo ITESO - Biblioteca | ||
| 041 | |a ING | ||
| 082 | |a 658. 562 |b CER | ||
| 245 | 0 | 4 | |a The Certified Six Sigma Green Belt Handbook / |c R.A. Munro... [et al.]. |
| 264 | 4 | |a Milwaukee, EUA : |b American Society for Quality, |c 2008, c2008 | |
| 300 | |a XXXVI, 443 p. + |e 1 disco compacto de computadora | ||
| 336 | |a texto |b txt |2 rdacontenido | ||
| 337 | |a sin mediación |b n |2 rdamedio | ||
| 338 | |a volumen |b nc |2 rdasoporte | ||
| 520 | |a Manual de preparación para expertos técnicos que, como parte de sus responsabilidades laborales, tienen que aplicar los principios de Six Sigma. Dentro de la estructura humana del Six Sigma se denominan Cintas Verdes y están bajo la supervisión de Cintas Negras, quienes asesoran, lideran proyectos y dan continuidad a la cultura de mejora de procesos en una empresa o industria. | ||
| 521 | |a 2014 BO Licenciatura en Ingeniería Industrial | ||
| 530 | |a Existe una edición en formato digital en línea con el mismo título | ||
| 649 | |a XX | ||
| 650 | |a Control Estadístico de Calidad - |x Tema Principal | ||
| 650 | |a Control de Calidad - |x Metodología - |x Tema Principal | ||
| 650 | |a Proceso de Producción - |x Administración | ||
| 650 | |a Optimización | ||
| 650 | |a Administración del Producto | ||
| 650 | |a Control de Procesos | ||
| 650 | |a Ingeniería de Procesos | ||
| 650 | |a Normalización y Certificación - |x Tema Principal | ||
| 650 | |a Ciencias Administrativas | ||
| 650 | |a Ingeniería Industrial | ||
| 700 | |a Munro, Roderick A. |e (autor) | ||
| 910 | |a Fondo General | ||
| 920 | |a Impresos - Libros | ||
| 930 | |a Colección General | ||
| 905 | |a 101 | ||
| 901 | |a 0500232942 |b IT1 |c ACC |i C141170 |u 20250521 | ||
| 901 | |a 0500232945 |b IT1 |c ACC |i C141171 |u 20250521 | ||
| 901 | |a 0500232968 |b IT2 |c SWS |i C141171 |u 20250521 | ||
| 901 | |a 0500232950 |b IT2 |c SWS |i C141170 |u 20250521 | ||
| 902 | |a https://opac.biblio.iteso.mx/vufind/Record/000343058 | ||